| 000 | 00829nac a22002657a 4500 | ||
|---|---|---|---|
| 001 | BR8206742 | ||
| 003 | BR-BrBNA | ||
| 005 | 20240105115548.0 | ||
| 008 | 230509b bl.|||m| |||| 00| 0 por d | ||
| 040 |
_aBR-BrBNA _bpor _cBiblioteca Nacional de Agricultura |
||
| 072 | _aQ10; N20 | ||
| 090 | _a1410 BR8206742 | ||
| 100 | 1 | _aSilva, J. de S. e | |
| 110 | 1 |
_aUniversidade Federal de Vicosa, MG (Brasil). Conselho de Extensao _910969 |
|
| 245 | 1 | _aSecagem de feijao em ramas [secador] | |
| 260 | 3 |
_aVicosa, MG (Brasil): _c1982. |
|
| 300 | _a13 p. | ||
| 490 |
_aInforme Tecnico - Universidade Federal de Vicosa. Conselho de Extensao (Brazil) _vno. 26 _x |
||
| 500 | _a9 illus. | ||
| 650 | _aFEIJAO | ||
| 650 | _aSECAGEM | ||
| 650 | _aSECADOR | ||
| 909 |
_a202312 _bLúcia Elande _c55 _dLúcia Elande |
||
| 942 |
_2AGRIS _n0 _cMS |
||
| 999 |
_c275332 _d275332 |
||